000 00472nam a2200181 a 4500
001 13601
003 CO-ViMGA
008 141112s2004 ck r 000 u spa d
020 _a9800101942
040 _aCO-ViMGA
_bspa
_cCO-ViMGA
082 0 4 _aVe861 R156p
100 1 _aRamon y Rivera, Luis F.
_919824
245 1 0 _aLa poesia folklorica de Venezuela
260 _aCaracas :
_bMonte Avila,
_c1988
300 _a383
650 1 4 _aPOESIA VENEZOLANA
_950942
942 _2ddc
_cBK
999 _c24325
_d24325